| 000 | 00657cam a2200241 a 4500 | ||
|---|---|---|---|
| 999 |
_c8316 _d8316 |
||
| 001 | 8316 | ||
| 003 | BD-JhCC | ||
| 005 | 20180627095606.0 | ||
| 008 | 870609s1956 enka 000 0 eng d | ||
| 035 | _a(BD-JhCC)8316 | ||
| 035 | _a2443794 | ||
| 040 |
_aAUC _cAUC _dANL _dBD-JhCC |
||
| 041 | _aeng | ||
| 050 | 4 |
_aQD33 _b.M35 1956 |
|
| 082 |
_bMCK 1956 _a540 |
||
| 100 | 1 |
_aMcKay, Herbert, _d1881- |
|
| 245 | 1 | 4 |
_aThe magic of chemistry / _cHerbert McKay ; illustrated with diagrams by F. Nellis Mann. |
| 260 |
_aLondon : _bOxford Univeresity Press, _c1956. |
||
| 300 |
_a168 p. : _bill. |
||
| 650 | 0 | _aChemistry. | |
| 942 |
_2ddc _cBK |
||